Petrology of the Pennsylvania underclays of Illinois, (Record no. 27501)
[ view plain ]
| 000 -LEADER | |
|---|---|
| fixed length control field | 01247cam a22002891 4500 |
| 001 - CONTROL NUMBER | |
| control field | gs 39000002 |
| 003 - CONTROL NUMBER IDENTIFIER | |
| control field | DLC |
| 005 - DATE AND TIME OF LATEST TRANSACTION | |
| control field | 20260227111343.0 |
| 008 - FIXED-LENGTH DATA ELEMENTS--GENERAL INFORMATION | |
| fixed length control field | 780901s1938 iluab b s000 0 eng |
| 010 ## - LIBRARY OF CONGRESS CONTROL NUMBER | |
| LC control number | gs 39000002 |
| 035 ## - SYSTEM CONTROL NUMBER | |
| System control number | (OCoLC)4185446 |
| 040 ## - CATALOGING SOURCE | |
| Original cataloging agency | DLC |
| Transcribing agency | UU |
| Modifying agency | OCoLC |
| -- | DLC |
| 050 00 - LIBRARY OF CONGRESS CALL NUMBER | |
| Classification number | QE105 |
| Item number | .A25 no. 52 |
| 100 1# - MAIN ENTRY--PERSONAL NAME | |
| Personal name | Grim, Ralph E. |
| Fuller form of name | (Ralph Early), |
| Dates associated with a name | 1902- |
| 245 10 - TITLE STATEMENT | |
| Title | Petrology of the Pennsylvania underclays of Illinois, |
| Statement of responsibility, etc. | by Ralph E. Grim and Victor T. Allen. |
| 260 ## - PUBLICATION, DISTRIBUTION, ETC. | |
| Place of publication, distribution, etc. | Urbana, Ill., |
| Name of publisher, distributor, etc. | Printed by authority of the state of Illinois, |
| Date of publication, distribution, etc. | 1938. |
| 300 ## - PHYSICAL DESCRIPTION | |
| Extent | 1485-1514p. |
| Other physical details | illus(map)2pl. on ll.,tables(part fold.) |
| Dimensions | 25cm. |
| 490 0# - SERIES STATEMENT | |
| Series statement | Illinois. State geological survey. Report of investigations |
| Volume/sequential designation | no. 52 |
| 500 ## - GENERAL NOTE | |
| General note | cover title. |
| 500 ## - GENERAL NOTE | |
| General note | At head of title: State of Illinois ... Department of registration and education ... Division of the State geological survey ... |
| 500 ## - GENERAL NOTE | |
| General note | Reprinted from the Bulletin, Geological Society of America, vol. 49, 1938. |
| 504 ## - BIBLIOGRAPHY, ETC. NOTE | |
| Bibliography, etc. note | "Works to which reference is made": p. 1500-1510. |
| 650 #0 - SUBJECT ADDED ENTRY--TOPICAL TERM | |
| Topical term or geographic name entry element | Petrology |
| Geographic subdivision | Illinois. |
| 650 #0 - SUBJECT ADDED ENTRY--TOPICAL TERM | |
| Topical term or geographic name entry element | Clay |
| Geographic subdivision | Illinois. |
| 700 1# - ADDED ENTRY--PERSONAL NAME | |
| Personal name | Allen, Victor T. |
| Fuller form of name | (Victor Thomas), |
| Dates associated with a name | 1898- |
| Relator term | joint author. |
| 740 0# - ADDED ENTRY--UNCONTROLLED RELATED/ANALYTICAL TITLE | |
| Uncontrolled related/analytical title | Pennsylvanian underclays of Illinois. |
No items available.